000 00554nam a2200193Ia 4500
005 20250508161636.0
008 008 250505s9999 xx 000 0 eng d
020 _a0-8019-5303-0
037 _aTextual
040 _aFEDL
_beng
_cFEDL
041 _aeng
_2eng
084 _a629.2275, RIT
_qFEDL
100 _aRitch OCee
_9771152
245 0 _aChilton's BSA motorcycle repair and tune-up guide
260 _aPhiladelphia
_bChilton Book Company
_c1970
300 _a125p.
942 _cTEXL
_h629.2275, RIT
999 _c1371290
_d1371290